[Event "Tiefenbach op"]
[Site "Tiefenbach"]
[Date "2005.01.20"]
[Round "8"]
[White "Koops, Randolf"]
[Black "Wempe, Juergen"]
[Result "1/2-1/2"]
[WhiteElo "2133"]
[BlackElo "2191"]
[PlyCount "27"]
[EventDate "2005.01.??"]
[EventType "swiss"]
[EventRounds "9"]
[EventCountry "GER"]
[SourceTitle "EXT 2006"]
[Source "ChessBase"]
[SourceDate "2005.11.24"]
[SourceVersion "1"]
[SourceVersionDate "2005.11.24"]
[SourceQuality "1"]

1. d4 b5 2. e4 Bb7 3. Bxb5 Bxe4 4. Nf3 c6 5. Bd3 Nf6 6. Nc3 Qa5 7. 0-0 Bxd3 8. Qxd3 d6 9. Bd2 Qa6 10. Qxa6 Nxa6 11. a3 e6 12. b4 Rb8 13. Rab1 Nc7 14. Rfe1 1/2-1/2

[Event "Tiefenbach op"]
[Site "Tiefenbach"]
[Date "2005.01.16"]
[Round "4"]
[White "Josting, Friedel"]
[Black "Koops, Randolf"]
[Result "0-1"]
[WhiteElo "2019"]
[BlackElo "2133"]
[PlyCount "56"]
[EventDate "2005.01.??"]
[EventType "swiss"]
[EventRounds "9"]
[EventCountry "GER"]
[SourceTitle "EXT 2006"]
[Source "ChessBase"]
[SourceDate "2005.11.24"]
[SourceVersion "1"]
[SourceVersionDate "2005.11.24"]
[SourceQuality "1"]

1. c4 Nc6 2. d4 e5 3. dxe5 Nxe5 4. e3 Nf6 5. Nc3 Bb4 6. Nf3 Nxf3+ 7. Qxf3 d5 8. cxd5 Bg4 9. Qf4 Bxc3+ 10. bxc3 Qxd5 11. Qa4+ Bd7 12. Qb3 0-0 13. c4 Qc6 14. Bb2 Rad8 15. 0-0-0 Ne4 16. Be2 Nxf2 17. Bf3 Qh6 18. Rhe1 Nxd1 19. Bxd1 Rfe8 20. Kb1 Bf5+ 21. Ka1 Rd3 22. Qxb7 Rdxe3 23. Rf1 Qd6 24. Bc1 Qd3 25. Bxe3 Qxf1 26. Qd5 Rb8 27. a3 Qe1 28. Bxa7 Qc3+ 0-1

[Event "Cesenatico op 9th"]
[Site "Cesenatico"]
[Date "2004.09.08"]
[Round "5"]
[White "Koops, Randolf"]
[Black "Vincenzi, Andrea"]
[Result "1-0"]
[WhiteElo "2118"]
[BlackElo "1807"]
[PlyCount "119"]
[EventDate "2004.09.04"]
[EventType "swiss"]
[EventRounds "9"]
[EventCountry "ITA"]
[SourceTitle "EXT 2007"]
[Source "ChessBase"]
[SourceDate "2006.11.23"]
[SourceVersion "1"]
[SourceVersionDate "2006.11.23"]
[SourceQuality "1"]

1. d4 d5 2. Nf3 Nc6 3. c4 e6 4. Nc3 Nf6 5. Bg5 Be7 6. e3 0-0 7. c5 a6 8. a3 h6 9. Bh4 Ne4 10. Bg3 f5 11. Ne2 g5 12. Ne5 Qe8 13. Nd3 Bd8 14. f3 Nf6 15. h4 g4 16. Be5 Nxe5 17. Nxe5 Nd7 18. fxg4 Nxe5 19. dxe5 Be7 20. b4 Qg6 21. Nf4 Qg7 22. Qd4 Qxg4 23. Be2 Qg3+ 24. Kd2 Kh7 25. Rh3 Qg7 26. Nh5 Qf7 27. g4 Bd7 28. g5 Bb5 29. Nf4 Qg8 30. g6+ Kh8 31. Rg1 Rfc8 32. Bh5 Kg7 33. Bf3 Kh8 34. Nh5 Be8 35. Rhg3 Qg7 36. Nxg7 Kxg7 37. Bg2 Bd7 38. Rh3 a5 39. Rb1 axb4 40. axb4 Ra2+ 41. Rb2 Rca8 42. h5 Bb5 43. Rh1 R2a3 44. Rc1 Bg5 45. Bf1 Be8 46. Bd3 Bd7 47. Ke2 R3a4 48. Kf3 Ra3 49. Rbb1 Rf8 50. Ra1 Rb3 51. Rcb1 Rxb1 52. Bxb1 c6 53. Ra7 Bc8 54. Bd3 Kg8 55. b5 cxb5 56. Bxb5 Be7 57. c6 bxc6 58. Rxe7 f4 59. exf4 cxb5 60. Qa7 1-0

[Event "Cesenatico op 9th"]
[Site "Cesenatico"]
[Date "2004.09.05"]
[Round "2"]
[White "Trabert, Bettina"]
[Black "Koops, Randolf"]
[Result "1-0"]
[WhiteElo "2312"]
[BlackElo "2118"]
[PlyCount "37"]
[EventDate "2004.09.04"]
[EventType "swiss"]
[EventRounds "9"]
[EventCountry "ITA"]
[SourceTitle "EXT 2007"]
[Source "ChessBase"]
[SourceDate "2006.11.23"]
[SourceVersion "1"]
[SourceVersionDate "2006.11.23"]
[SourceQuality "1"]

1. e4 Nc6 2. Nc3 d6 3. d4 e5 4. Nf3 Bg4 5. dxe5 Bxf3 6. Qxf3 Nd4 7. Qd3 dxe5 8. Nb5 a6 9. Nxd4 exd4 10. Qb3 b5 11. a4 b4 12. Bc4 Qd7 13. 0-0 Bc5 14. e5 Nh6 15. e6 fxe6 16. Bxe6 Qe7 17. Bxh6 gxh6 18. Rae1 Kf8 19. Bd5 1-0

[Event "Cesenatico op 9th"]
[Site "Cesenatico"]
[Date "2004.09.04"]
[Round "1"]
[White "Koops, Randolf"]
[Black "Da Forno, Roberto"]
[Result "1-0"]
[WhiteElo "2118"]
[BlackElo "1748"]
[PlyCount "57"]
[EventDate "2004.09.04"]
[EventType "swiss"]
[EventRounds "9"]
[EventCountry "ITA"]
[SourceTitle "EXT 2007"]
[Source "ChessBase"]
[SourceDate "2006.11.23"]
[SourceVersion "1"]
[SourceVersionDate "2006.11.23"]
[SourceQuality "1"]

1. d4 d5 2. Nf3 Nc6 3. c4 Bg4 4. e3 e6 5. Nc3 Bb4 6. a3 Bxc3+ 7. bxc3 Nge7 8. Bd3 0-0 9. Bxh7+ Kh8 10. Bd3 dxc4 11. Bxc4 Na5 12. Bd3 Qd5 13. e4 Qh5 14. Be2 f5 15. Rb1 fxe4 16. Rb5 Nd5 17. c4 Nxc4 18. Bxc4 exf3 19. g3 c6 20. Rxb7 Rae8 21. h4 e5 22. 0-0 Bc8 23. Rxa7 Qg4 24. Re1 Nc3 25. Qd2 exd4 26. Ree7 Ne2+ 27. Bxe2 fxe2 28. a4 Qf3 29. Qh6+ 1-0

[Event "Alpenpokal op 30th"]
[Site "Tiefenbach"]
[Date "2004.??.??"]
[Round "2"]
[White "Blosze, Winfried"]
[Black "Koops, Randolf"]
[Result "1-0"]
[WhiteElo "1730"]
[BlackElo "2050"]
[PlyCount "49"]
[EventDate "2004.01.08"]
[EventType "swiss"]
[EventRounds "9"]
[EventCountry "GER"]
[SourceTitle "EXT 2006"]
[Source "ChessBase"]
[SourceDate "2005.11.24"]
[SourceVersion "1"]
[SourceVersionDate "2005.11.24"]
[SourceQuality "1"]

1. e4 Nc6 2. d4 e5 3. dxe5 Nxe5 4. f4 Ng6 5. Be3 d6 6. Nc3 Nf6 7. h3 Qe7 8. Qd3 Bd7 9. 0-0-0 a6 10. Nd5 Nxd5 11. exd5 Bf5 12. Qb3 0-0-0 13. Nf3 Re8 14. Re1 Qd7 15. Nd4 Ne7 16. Bd2 h5 17. Qa3 g5 18. Bxa6 bxa6 19. Qxa6+ Kd8 20. Re3 Bg7 21. Bc3 gxf4 22. Rxe7 Kxe7 23. Nxf5+ Qxf5 24. Bxg7 Rhg8 25. Re1+ 1-0

[Event "Alpenpokal op 30th"]
[Site "Tiefenbach"]
[Date "2004.??.??"]
[Round "5"]
[White "Koops, Randolf"]
[Black "Emde, Rainer"]
[Result "0-1"]
[WhiteElo "2050"]
[BlackElo "1995"]
[PlyCount "120"]
[EventDate "2004.01.08"]
[EventType "swiss"]
[EventRounds "9"]
[EventCountry "GER"]
[SourceTitle "EXT 2006"]
[Source "ChessBase"]
[SourceDate "2005.11.24"]
[SourceVersion "1"]
[SourceVersionDate "2005.11.24"]
[SourceQuality "1"]

1. d4 d5 2. Nf3 e6 3. c4 c5 4. cxd5 exd5 5. Nc3 Nc6 6. e3 Nf6 7. Bb5 Bd6 8. 0-0 0-0 9. dxc5 Bxc5 10. a3 a6 11. Be2 Re8 12. b4 Ba7 13. b5 axb5 14. Nxb5 Bb8 15. Bb2 Ne4 16. Rc1 Re6 17. Nbd4 Rg6 18. Kh1 Qd6 19. Nb5 Qd7 20. Nbd4 Qg4 21. Ne1 Qh4 22. Ndf3 Nxf2+ 23. Rxf2 Qxf2 24. Qxd5 Bc7 25. Bd3 Qxb2 26. Bxg6 hxg6 27. Rxc6 bxc6 28. Qxc6 Bb7 29. Qxc7 Bxf3 30. Nxf3 Qa1+ 31. Ng1 Qxa3 32. Qf4 Re8 33. e4 Qb4 34. h3 Qxe4 35. Qc7 Ra8 36. Qc1 Ra2 37. Nf3 Qc2 38. Qf1 Rb2 39. Kh2 Qf2 40. Qxf2 Rxf2 41. Kg3 Ra2 42. Ng5 f6 43. Ne4 Kf7 44. Kf3 Ra3+ 45. Kf2 g5 46. Nd6+ Kg6 47. Nc4 Ra4 48. Ne3 f5 49. g4 f4 50. Nf5 Ra3 51. Kg2 Kf6 52. Nd4 g6 53. Nc6 Rd3 54. Nb4 Rd2+ 55. Kf1 Ke6 56. Nc6 Kd6 57. Nd8 Ke5 58. Nc6+ Ke4 59. Ne7 Rd6 60. Kf2 f3 0-1

[Event "Alpenpokal op 30th"]
[Site "Tiefenbach"]
[Date "2004.??.??"]
[Round "9"]
[White "Koops, Randolf"]
[Black "Wempe, Juergen"]
[Result "0-1"]
[WhiteElo "2050"]
[BlackElo "2113"]
[PlyCount "62"]
[EventDate "2004.01.08"]
[EventType "swiss"]
[EventRounds "9"]
[EventCountry "GER"]
[SourceTitle "EXT 2006"]
[Source "ChessBase"]
[SourceDate "2005.11.24"]
[SourceVersion "1"]
[SourceVersionDate "2005.11.24"]
[SourceQuality "1"]

1. d4 f5 2. e4 fxe4 3. Nc3 g6 4. h4 d5 5. h5 Bg7 6. hxg6 hxg6 7. Rxh8 Bxh8 8. Nh3 Bxh3 9. gxh3 Nc6 10. Bb5 Qd7 11. Bf4 0-0-0 12. Qd2 Qxh3 13. Bxc6 Qh1+ 14. Ke2 Qf3+ 15. Ke1 bxc6 16. Na4 Bxd4 17. Qxd4 Qxf4 18. Nc5 Rf8 19. Rd1 e5 20. Qe3 Ne7 21. Qe2 Qf5 22. Rd2 Rh8 23. Qa6+ Kd8 24. Re2 Rh1+ 25. Kd2 d4 26. Rxe4 Qxf2+ 27. Re2 Qf4+ 28. Kd3 Rd1+ 29. Kc4 d3+ 30. Re4 Qxe4+ 31. Nxe4 dxc2 0-1

[Event "Alpenpokal op 29th"]
[Site "Oberstdorf"]
[Date "2003.??.??"]
[Round "7"]
[White "Jaeger, Erich"]
[Black "Koops, Randolf"]
[Result "0-1"]
[WhiteElo "2219"]
[BlackElo "2094"]
[PlyCount "59"]
[EventDate "2003.01.??"]
[EventType "swiss"]
[EventRounds "9"]
[EventCountry "GER"]
[SourceTitle "EXT 2004"]
[Source "ChessBase"]
[SourceDate "2003.11.25"]
[SourceVersion "1"]
[SourceVersionDate "2003.11.25"]
[SourceQuality "1"]

1. d4 Nc6 2. e4 e5 3. d5 Nce7 4. c4 Ng6 5. Nc3 Bc5 6. Be2 a6 7. Nf3 d6 8. 0-0 h6 9. Ne1 Nf6 10. Nd3 Bd4 11. Bf3 Nh4 12. Ne2 Nxf3+ 13. gxf3 Bh3 14. Re1 Ba7 15. Be3 g5 16. Bxa7 Rxa7 17. Kh1 Nh5 18. c5 Qf6 19. Ng1 Bd7 20. Rc1 Ra8 21. cxd6 cxd6 22. Rc7 Rg8 23. Rxb7 g4 24. f4 Nxf4 25. Nxf4 Qxf4 26. Qb3 Qxf2 27. Re2 g3 28. hxg3 Qxg3 29. Qxg3 Rxg3 30. Rc2 0-1

[Event "Alpenpokal op 29th"]
[Site "Oberstdorf"]
[Date "2003.??.??"]
[Round "2"]
[White "Koops, Randolf"]
[Black "Schumacher, Gottfried"]
[Result "0-1"]
[WhiteElo "2094"]
[BlackElo "2183"]
[PlyCount "68"]
[EventDate "2003.01.??"]
[EventType "swiss"]
[EventRounds "9"]
[EventCountry "GER"]
[SourceTitle "EXT 2004"]
[Source "ChessBase"]
[SourceDate "2003.11.25"]
[SourceVersion "1"]
[SourceVersionDate "2003.11.25"]
[SourceQuality "1"]

1. d4 Nf6 2. Nf3 e6 3. c4 d5 4. Nc3 a6 5. Bg5 Be7 6. e3 0-0 7. Bd3 dxc4 8. Bxc4 b5 9. Bd3 Bb7 10. h4 Nbd7 11. e4 c5 12. e5 Ng4 13. Bxe7 Qxe7 14. Bxh7+ Kxh7 15. Ng5+ Kh6 16. Qxg4 cxd4 17. Qxd4 f6 18. Qd3 Rh8 19. f4 Nc5 20. Qc2 Rac8 21. Rh2 b4 22. g4 bxc3 23. Nf7+ Qxf7 24. g5+ Kh5 25. Qe2+ Kg6 26. h5+ Kf5 27. exf6 gxf6 28. g6 Qd7 29. Rd1 Qb5 30. Qe3 Qc4 31. Rd4 Qxd4 32. Qxd4 Rhd8 33. Qg1 Nd3+ 34. Kf1 cxb2 0-1

[Event "Alpenpokal op 29th"]
[Site "Oberstdorf"]
[Date "2003.??.??"]
[Round "9"]
[White "Moehring, Norbert"]
[Black "Koops, Randolf"]
[Result "0-1"]
[WhiteElo "2166"]
[BlackElo "2094"]
[PlyCount "78"]
[EventDate "2003.01.??"]
[EventType "swiss"]
[EventRounds "9"]
[EventCountry "GER"]
[SourceTitle "EXT 2004"]
[Source "ChessBase"]
[SourceDate "2003.11.25"]
[SourceVersion "1"]
[SourceVersionDate "2003.11.25"]
[SourceQuality "1"]

1. b4 c6 2. c4 a5 3. b5 cxb5 4. cxb5 d5 5. e3 e5 6. Nf3 Bd6 7. Bb2 Bg4 8. h3 Bxf3 9. Qxf3 Ne7 10. Nc3 e4 11. Qg4 Be5 12. Rc1 0-0 13. Ba3 Bd6 14. Bb2 Be5 15. Be2 f5 16. Qh4 Qd6 17. Na4 Bxb2 18. Nxb2 f4 19. exf4 Rxf4 20. Qg3 Nd7 21. Bg4 Raf8 22. Bxd7 Qxd7 23. a4 Rxf2 24. Rc7 Qf5 25. Rxe7 Rf1+ 26. Ke2 Qh5+ 27. Ke3 Qh6+ 28. Ke2 R8f2+ 29. Qxf2 Rxf2+ 30. Kxf2 Qf6+ 31. Ke2 Qxe7 32. Rc1 Qb4 33. Rc8+ Kf7 34. Rc7+ Kf6 35. Nd1 Qxa4 36. Nc3 Qd4 37. Rxb7 e3 38. Rb6+ Kg5 39. Rc6 Qxd2+ 0-1

[Event "Arco op 23rd"]
[Site "Arco"]
[Date "2001.??.??"]
[Round "2"]
[White "Koops, Randolf"]
[Black "Goldinger, Peter"]
[Result "1/2-1/2"]
[WhiteElo "2041"]
[BlackElo "2230"]
[PlyCount "81"]
[EventDate "2001.10.17"]
[EventType "swiss"]
[EventRounds "9"]
[EventCountry "ITA"]
[SourceTitle "CBM 085 Extra"]
[Source "ChessBase"]
[SourceDate "2002.01.21"]
[SourceVersion "1"]
[SourceVersionDate "2002.01.21"]
[SourceQuality "1"]

1. d4 Nf6 2. Nf3 c5 3. d5 e6 4. c4 exd5 5. cxd5 d6 6. Nc3 g6 7. e4 Bg7 8. Bg5 0-0 9. Nd2 Nbd7 10. Be2 a6 11. a4 Re8 12. 0-0 Qc7 13. f4 h6 14. Bh4 c4 15. e5 dxe5 16. fxe5 Nxe5 17. Bxf6 Qb6+ 18. Kh1 Bxf6 19. d6 Bg7 20. Nxc4 Nxc4 21. Bxc4 Bf5 22. d7 Rf8 23. Nd5 Qd8 24. Qb3 Qh4 25. Rf4 Qd8 26. Re1 Qxd7 27. Ne7+ Kh8 28. Bxf7 Qd2 29. Rff1 Qg5 30. Nxf5 gxf5 31. Be6 Rad8 32. Re2 Rd6 33. Rfe1 b6 34. Bc4 a5 35. h3 f4 36. Re8 Rd2 37. Bf1 f3 38. Qxf3 Qc5 39. Rxf8+ Qxf8 40. Qxf8+ Bxf8 41. b3 1/2-1/2

[Event "Bad Zwesten op 4th"]
[Site "Bad Zwesten"]
[Date "2000.01.19"]
[Round "9"]
[White "Schlachowitsch, Markus"]
[Black "Koops, Randolf"]
[Result "1/2-1/2"]
[WhiteElo "2142"]
[BlackElo "1862"]
[PlyCount "21"]
[EventDate "2000.01.??"]
[EventType "swiss"]
[EventRounds "9"]
[EventCountry "GER"]
[SourceTitle "EXT 2001"]
[Source "ChessBase"]
[SourceDate "2000.11.22"]
[SourceVersion "1"]
[SourceVersionDate "2000.11.22"]
[SourceQuality "1"]

1. e4 Nc6 2. Nf3 f5 3. d3 d6 4. Nc3 Nf6 5. g3 e5 6. Bg2 Be7 7. 0-0 h6 8. Nh4 f4 9. gxf4 Ng4 10. Ng6 Rh7 11. h3 1/2-1/2

[Event "Bad Zwesten op 4th"]
[Site "Bad Zwesten"]
[Date "2000.01.09"]
[Round "5"]
[White "Frank, Wolfgang"]
[Black "Koops, Randolf"]
[Result "1-0"]
[WhiteElo "2177"]
[BlackElo "1862"]
[PlyCount "73"]
[EventDate "2000.01.??"]
[EventType "swiss"]
[EventRounds "9"]
[EventCountry "GER"]
[SourceTitle "EXT 2001"]
[Source "ChessBase"]
[SourceDate "2000.11.22"]
[SourceVersion "1"]
[SourceVersionDate "2000.11.22"]
[SourceQuality "1"]

1. e4 Nc6 2. d4 e5 3. Nf3 exd4 4. Bc4 Be7 5. 0-0 d6 6. Nxd4 Nxd4 7. Qxd4 Bf6 8. Qd3 Ne7 9. Nc3 0-0 10. f4 c6 11. Be3 Be6 12. Bxe6 fxe6 13. Rad1 Bxc3 14. Qxc3 d5 15. Qe5 Qd7 16. c4 Ng6 17. Qg5 Qe7 18. f5 exf5 19. Qxe7 Nxe7 20. cxd5 cxd5 21. Bc5 Rf7 22. exd5 b6 23. Bb4 a5 24. Bxe7 Rxe7 25. Rxf5 Rd8 26. Kf2 g6 27. Rf6 b5 28. Rb6 Rf8+ 29. Kg3 Re3+ 30. Kg4 Re4+ 31. Kh3 Rf5 32. d6 Re8 33. Rd2 Kg7 34. Rb7+ Kg8 35. g4 Rfe5 36. Rc7 g5 37. d7 1-0